000 00651cam a22002053a 4500
001 35514
003 PGUSA
005 20140828083750.0
008 110307s2011||||xxu|||||s|||||000 | eng d
040 _aPGUSA
_beng
042 _adc
100 1 _aTalmage, James E.
_q(James Edward),
_d1862-1933
245 1 4 _aThe Great Apostasy :
_bConsidered in the Light of Scriptural and Secular History
_h[electronic resource] /
_cJames E. Talmage
260 _bProject Gutenberg,
_c2011
506 _aPublic domain in the USA.
516 _aElectronic text
830 0 _aProject Gutenberg
_v35514
856 4 0 _uhttp://www.gutenberg.org/ebooks/35514
942 _cEB
999 _c264769
_d264769